000 00744nam a2200217Ii 4500
003 JO-AjNU
008 230605s9999||||xx |||||||||||||| ||und||
017 _a2022/6/2955
020 _a978-9923-43-109-2
040 _aJO-AjNU
_bara
_erda
_cJO-AjNU
041 _aara
050 1 4 _aQA76.9.2023
100 3 _aاللقاني، عبد الرحمن علي,
_eauthor
_963402
245 0 0 _aادارة مخاطر الامن السيبراني المتكامل
250 _aط1
300 _a236ص
336 _atext
_btxt
_2rdacontent
337 _aunmediated
_bn
_2rdamedia
338 _avolume
_bnc
_2rdacarrier
650 4 _aامن البيانات-الجرائم الحاسوبية-ادارة المخاطر-حماية البيانات
_963403
999 _aA28758
_c32326
_d32326